Penglibatan buruh perikanan asing dalam perusahaan perikanan pukat tunda dan pukat jerut di Sabah /
Saved in:
| Main Author: | |
|---|---|
| Format: | Thesis Book |
| Language: | Malay |
| Published: |
2007.
|
| Subjects: | |
| Tags: |
Add Tag
No Tags, Be the first to tag this record!
|
| LEADER | 01000cam a2200253 a 4500 | ||
|---|---|---|---|
| 001 | u744940 | ||
| 003 | SIRSI | ||
| 005 | 200709071138 | ||
| 008 | 070907s2007 my a t 000 0 may m | ||
| 040 | |a UMM | ||
| 043 | |a a-my-sa | ||
| 090 | |a DS520.5 |b UM 2007 Moh | ||
| 100 | 0 | |a Mohammad 'Azzam Manan. | |
| 245 | 1 | 0 | |a Penglibatan buruh perikanan asing dalam perusahaan perikanan pukat tunda dan pukat jerut di Sabah / |c Mohammad 'Azzam Manan. |
| 260 | |c 2007. | ||
| 300 | |a xxiii, 343 leaves : |b ill. (some col.) ; |c 30 cm. | ||
| 502 | |a Dissertation (M.A.) -- Jabatan Pengajian Asia Tenggara, Fakulti Sastera dan Sains Sosial, Universiti Malaya, 2007. | ||
| 504 | |a Bibliography: leaves 336-343. | ||
| 596 | |a 1 | ||
| 650 | 0 | |a Alien labor |x Economic aspects |z Sabah. | |
| 650 | 0 | |a Fisheries |z Sabah. | |
| 710 | 2 | |a Universiti Malaya. |b Jabatan Pengajian Asia Tenggara. | |
| 900 | |a SK | ||
| 999 | |a DS520.5 UM 2007 MOH |w LC |c 1 |i A513017059 |d 18/5/2018 |e 18/5/2018 |f 13/9/2007 |g 1 |l STACKS |m P01UTAMA |n 12 |r Y |s Y |t TESIS |u 13/9/2007 | ||
